ბათუმის შოთა რუსთაველის სახელმწიფო უნივერსიტეტის ბიბლიოთეკა

ჩანაწერი Personal Name

ჩანაწერთა რაოდენობა, რომელიც გამოყენებულია: 4

001 - CONTROL NUMBER

  • control field: 1804

003 - CONTROL NUMBER IDENTIFIER

  • control field: GE_BSU

005 - DATE AND TIME OF LATEST TRANSACTION

  • control field: 20190529162305.0

008 - FIXED-LENGTH DATA ELEMENTS

  • fixed length control field: 190529|| aca||aabn | a|a d

040 ## - CATALOGING SOURCE

  • Original cataloging agency: GE_BSU
  • Transcribing agency: GE_BSU

100 ## - HEADING--PERSONAL NAME

  • Personal name: მურვანიძე, ა.

670 ## - SOURCE DATA FOUND

  • Source citation: Work cat.: (GE_BSU)36400: მურვანიძე, ა., მარცვლოვანი კულტურების წარმოების ტექნოლოგია :